00285nam a2200109Ia 4500008004100000041000800041082002800049100001900077245003200096260003800128300000900166230411s9999 xx 000 0 und d aeng aOG/610.73678/MAR/B07755 aMarshall Jayne aMyles Textbook for Midwives bSaunders companyaEdinburghc2014 a780p